Statistiques concernant Les pays de l'Union Européenne

Cliquez ici pour prendre le quiz!

Statistiques générales

  • Ce quiz a été pris 776 fois
  • Le résultat moyen est 23 sur 28

Statistiques - réponses

HintRéponse% Correct
BBelgique
99%
EEspagne
93%
AAllemagne
87%
LLuxembourg
86%
EEstonie
85%
FFrance
85%
DDanemark
84%
P-BPays-Bas
84%
FFinlande
83%
HHongrie
83%
LLettonie
82%
LLituanie
81%
PPortugal
81%
R TRépublique Tchèque
81%
IItalie
79%
SSlovaquie
79%
SSlovénie
79%
IIrlande
78%
PPologne
78%
R-URoyaume-Uni
78%
AAutriche
77%
RRoumanie
77%
CCroatie
76%
GGrèce
76%
SSuède
76%
BBulgarie
75%
MMalte
71%
CChypre
58%

Distribution des résultats

Percentile par nombre de réponses

% des personnes avec chaque résultat

Votre développement - résultats

Vous n’avez pas pris ce quiz